| 000 | 00448nam a2200193Ia 4500 | ||
|---|---|---|---|
| 005 | 20250603144859.0 | ||
| 008 | 250603s9999 xx 000 0 und d | ||
| 020 | _a9780273764052 | ||
| 050 | _aQA 76.73 .C153 .E58/ | ||
| 100 | _aEtter, Delores M. | ||
| 245 | 0 | _aEngineering problem solving with C++ | |
| 250 | _a3rd ed. | ||
| 260 | _aBoston | ||
| 260 | _bPearson | ||
| 260 | _c2012 | ||
| 300 | _a624 p | ||
| 650 | _aBoston | ||
| 942 | _cBK | ||
| 999 |
_c40224 _d40224 |
||